Atlas of Obesity and Weight Control (Record no. 76073)

MARC details
000 -LEADER
fixed length control field 00973nam a2200289Ia 4500
003 - CONTROL NUMBER IDENTIFIER
control field OSt
005 - DATE AND TIME OF LATEST TRANSACTION
control field 20260429153026.0
008 - FIXED-LENGTH DATA ELEMENTS--GENERAL INFORMATION
fixed length control field 220909b |||||||| |||| 00| 0 eng d
020 ## - INTERNATIONAL STANDARD BOOK NUMBER
International Standard Book Number 1842140493
037 ## - SOURCE OF ACQUISITION
Terms of availability Reference
040 ## - CATALOGING SOURCE
Original cataloging agency CSL
Language of cataloging eng
Transcribing agency CSL
041 ## - LANGUAGE CODE
Language code of text/sound track or separate title eng
084 ## - COLON CLASSIFICATION NUMBER
Classification number Y7:(L)f P3 RR
Assigning agency CSL
100 ## - MAIN ENTRY--PERSONAL NAME
Personal name Bray, George A
Relator term author.
9 (RLIN) 1236021
245 #0 - TITLE STATEMENT
Title Atlas of Obesity and Weight Control
260 ## - PUBLICATION, DISTRIBUTION, ETC.
Place of publication, distribution, etc. New York:
Name of publisher, distributor, etc. The Parthenon Publishing Group ,
Date of publication, distribution, etc. 2003.
300 ## - PHYSICAL DESCRIPTION
Extent 135p.
Dimensions cm.
490 ## - SERIES STATEMENT
Series statement The encyclopedia of visual medicine series
500 ## - GENERAL NOTE
General note Index 131-135p.
650 ## - SUBJECT ADDED ENTRY--TOPICAL TERM
Topical term or geographic name entry element Obesity-Atlases
9 (RLIN) 1236022
650 ## - SUBJECT ADDED ENTRY--TOPICAL TERM
Topical term or geographic name entry element Obesity-Etiology-Atlases
9 (RLIN) 1236023
650 ## - SUBJECT ADDED ENTRY--TOPICAL TERM
Topical term or geographic name entry element Obesity-Prevention and control-Atlases
9 (RLIN) 1236024
650 ## - SUBJECT ADDED ENTRY--TOPICAL TERM
Topical term or geographic name entry element Obesity-Therapy-Atlases
9 (RLIN) 1236025
650 ## - SUBJECT ADDED ENTRY--TOPICAL TERM
Topical term or geographic name entry element Anthropology
942 ## - ADDED ENTRY ELEMENTS (KOHA)
Classification part Y7:(L)f P3 RR
Koha item type Reference
Source of classification or shelving scheme Colon Classification (CC)
Holdings
Withdrawn status Lost status Damaged status Not for loan Home library Current library Date acquired Source of acquisition Total Checkouts Full call number Barcode Date last seen Price effective from Koha item type
        Central Science Library Central Science Library 2022-09-12 147, 09/12/2005, Dhanraj Book House   Y7:(L)f P3 RR SL1292694 2022-09-12 2022-09-12 Textbook
Copyright @ Delhi University Library System